000 00560nam a22001697a 4500
005 20251108164226.0
008 250721s9999 xx 000 0 ara d
082 1 4 _a618.2/قصة
100 1 _aعبيد، أنطوان
_eترجمة
245 1 0 _aقصة حياة الحامل و جنينها :
_bآخر الأبحاث الطبية في خدمة الإخصاب و الحمل و ... /
264 1 _aبيروت :
_bدار الجيل،
_c[19-].
300 _a416ص : مص
650 1 7 _aالحمل
650 1 7 _aالولادة
942 _2ddc
_cBK
999 _c6849
_d6849